[Event "Riga op"]
[Site "Riga"]
[Date "1995.??.??"]
[Round "?"]
[White "Berzinsh, Roland"]
[Black "Brodsky, Michail"]
[Result "1/2-1/2"]
[WhiteElo "2430"]
[BlackElo "2535"]

1.e4 c5 2.Nc3 Nc6 3.Nge2 e6 4.d4 cxd4 5.Nxd4 a6 6.Be3 Nf6 7.Bd3 d5 8.exd5 exd5
9.O-O Bd6 10.Be2 h6 11.Bf3 O-O 12.Re1 Be5 13.h3 Qd6 14.Na4 Re8 15.c3 Bd7
16.Nb3 Rad8 17.Nac5 Bc8 18.Nd3 Bh2+ 19.Kh1 Qc7 20.a4 Bd6 21.Bc5 Qb8 22.Bb6 Bc7
23.Bxc7 Qxc7 24.Kg1 Bf5 25.Rxe8+ Rxe8 26.Qd2 Bxd3  1/2-1/2

[Event "Riga op"]
[Site "Riga"]
[Date "1995.??.??"]
[Round "?"]
[White "Maidla, Vallo"]
[Black "Gorjatschkin, Wjatscheslaw"]
[Result "0-1"]
[WhiteElo "2350"]
[BlackElo "2440"]

1.e4 c5 2.Nf3 e6 3.d4 cxd4 4.Nxd4 Nc6 5.Nc3 Qc7 6.Be3 a6 7.Bd3 Nf6 8.O-O Nxd4
9.Bxd4 Bc5 10.Bxc5 Qxc5 11.Kh1 b5 12.a3 Bb7 13.f4 d6 14.Qe2 h5 15.Rae1 h4
16.Rf3 Nh5 17.b4 Qa7 18.Qe3 Qxe3 19.Rexe3 Ke7 20.Kg1 Rac8 21.Ne2 Nf6 22.Rf1 Nd7
23.Ra1 Nb6 24.Rh3 g5 25.fxg5 Rcg8 26.Rf1 Rxg5 27.Rf4 Rhg8 28.Rhxh4 Rxg2+
29.Kf1 R2g7 30.Rf3 Rc8 31.Ng3 Nc4 32.Rf2 Nxa3 33.Rhf4 Rh8 34.c3 Nc4 35.Bxc4 bxc4
36.Ke2 Bc6 37.Ke3 Rgh7 38.e5 dxe5 39.Rxc4 Bd7 40.Ra2 f5 41.Rxa6 Rxh2 42.Kf3 Kf6
43.Rc7 R8h3 44.Rxd7 f4  0-1

[Event "Ringsted op"]
[Site "Ringsted"]
[Date "1995.??.??"]
[Round "7"]
[White "Brinck Claussen, Bjorn"]
[Black "Nielsen, Uffe V"]
[Result "1-0"]
[WhiteElo "2355"]
[BlackElo "2370"]

1.e4 c5 2.Nf3 e6 3.d4 cxd4 4.Nxd4 Nc6 5.Nc3 Qc7 6.g3 a6 7.Bg2 Nge7 8.Nb3 d6
9.a4 b6 10.O-O Ng6 11.f4 Be7 12.Be3 O-O 13.h4 Rd8 14.h5 Nf8 15.h6 g6 16.f5 Nd7
17.fxe6 fxe6 18.Nd5 exd5 19.Qxd5+ Kh8 20.Nd4 Nde5 21.Rf7 Nxd4 22.Bxd4 Bg4
23.Ra3 Rf8 24.Rc3 Qd8 25.Bxe5+ dxe5 26.Qxd8 Bc5+ 27.Rxc5 Raxd8 28.Rxf8+ Rxf8
29.Rxe5 Kg8 30.Bf1 Rc8 31.c3 a5 32.Re7 Rc5 33.Rg7+ Kf8 34.Rxh7  1-0

[Event "ROM-chT"]
[Site "ROM"]
[Date "1995.??.??"]
[Round "?"]
[White "Cosma, Elena Luminita"]
[Black "Vasiesiu, Cristina"]
[Result "1-0"]
[WhiteElo "2330"]
[BlackElo "2155"]

1.e4 c5 2.Nc3 e6 3.Nf3 Nc6 4.d4 cxd4 5.Nxd4 Nf6 6.g3 Bc5 7.Nb3 Bb4 8.Bg2 d5
9.O-O dxe4 10.Nxe4 Nxe4 11.Bxe4 O-O 12.c3 Be7 13.Qxd8 Rxd8 14.Be3 e5 15.Bc5 Bg5
16.h4 Bh6 17.Rfe1 f6 18.Ba3 Bg4 19.Nc5 Rac8 20.Nxb7 Rd2 21.Nd6 f5 22.Bxf5 Bxf5
23.Nxf5 Rcd8 24.Nxh6+ gxh6 25.Re4 R8d7 26.Rae1 Kf7 27.Rc4 Na5 28.Rc5 R2d5
29.Rxe5 Rxe5 30.Rxe5 Nc4 31.Rc5 Nxa3 32.bxa3 Rd2 33.Rc7+ Kg6 34.Rxa7 Rxa2
35.Ra6+ Kh5 36.Kg2 Kg4 37.Ra4+ Kh5 38.Kf3 Rc2 39.Ra5+ Kg6 40.Ra6+ Kh5 41.g4+ Kxh4
42.Rxh6+ Kg5 43.Rc6 Ra2 44.Kg3 Rxa3  1-0

[Event "ROM-chT"]
[Site "ROM"]
[Date "1995.??.??"]
[Round "?"]
[White "Stoica, Valentin"]
[Black "Ardeleanu, Alin"]
[Result "1/2-1/2"]
[WhiteElo "2455"]
[BlackElo "2355"]

1.e4 c5 2.Nf3 e6 3.d4 cxd4 4.Nxd4 Nc6 5.Nc3 Bb4 6.Nb5 Nf6 7.a3 Bxc3+ 8.Nxc3 d5
9.exd5 exd5 10.Bd3 O-O 11.O-O d4 12.Ne2 h6 13.Bf4 Qd5 14.Ng3 Bg4 15.Qf3 Be6
16.Rfe1 Rfe8 17.Qd1 g5 18.Ne4 Nh5 19.Bg3 Rad8 20.b3 b5 21.a4 a6 22.axb5 axb5
23.Ra6 Kg7 24.Rb6 Nxg3 25.Nxg3 Qc5 26.Rxb5 Qc3  1/2-1/2

[Event "Rostov on Don (Women)"]
[Site "Rostov"]
[Date "1995.??.??"]
[Round "3"]
[White "Kulish, Irina"]
[Black "Velikhanli, Firuza"]
[Result "1/2-1/2"]
[WhiteElo "2245"]
[BlackElo "2340"]

1.e4 c5 2.Nf3 e6 3.d4 cxd4 4.Nxd4 Nc6 5.Nc3 Nf6 6.Nxc6 bxc6 7.e5 Nd5 8.Ne4 Qc7
9.f4 Qb6 10.c4 Bb4+ 11.Ke2 Ba6 12.Kf3 f5 13.exf6 Nxf6 14.c5 Qa5 15.Nxf6+ gxf6
16.Bxa6 Qxa6 17.Qd4 Qb5 18.Be3 O-O-O 19.a3 Ba5 20.b4 Bc7 21.a4 Qb7 22.Rad1 e5
23.Qc4 exf4 24.Bxf4 Bxf4 25.Qxf4 Rhe8 26.Rhe1 Qa6 27.Rxe8 Rxe8 28.Qd2 Re7
29.Qc2 f5 30.Kf2 Re4 31.Qd2 d5 32.cxd6 Kd7 33.a5 Qb5 34.Qb2 Re5 35.Kg1 Qe2
36.Qxe2 Rxe2 37.Rd4 a6 38.h3 Re5 39.Kf2 c5 40.bxc5 Rxc5 41.Rh4 Rxa5 42.Rxh7+ Kxd6
43.Kf3 Ke5 44.Re7+  1/2-1/2

[Event "Rostov on Don (Women)"]
[Site "Rostov"]
[Date "1995.??.??"]
[Round "7"]
[White "Stepovaia Dianchenko, Tatiana"]
[Black "Bojkovic, Natasa"]
[Result "1-0"]
[WhiteElo "2310"]
[BlackElo "2430"]

1.e4 c5 2.Nf3 e6 3.d4 cxd4 4.Nxd4 Nc6 5.Nc3 Qc7 6.Be2 a6 7.O-O Nf6 8.Kh1 b5
9.Nxc6 dxc6 10.f4 Bb7 11.e5 Rd8 12.Bd3 Nd5 13.Nxd5 Rxd5 14.f5 exf5 15.Rxf5 g6
16.Rf1 Bg7 17.Bf4 O-O 18.e6 Qe7 19.exf7+ Rxf7 20.Qg4 Bxb2 21.Rae1 Qd7 22.Qg3 Bg7
23.Be4 Rd4 24.c3 Rc4 25.Bc2 Rxc3 26.Bb3 Rxb3 27.axb3 c5 28.Be5 Bf8 29.Rxf7 Qxf7
30.Rd1 c4 31.bxc4 Qxc4 32.h3 Bd5 33.Qg5 Qb3 34.Qg4 Be6 35.Qd4 Qc4 36.Qe3 b4
37.Rd8 Kf7 38.Qf2+ Bf5 39.Rd7+ Kg8 40.Rd4 Qc1+ 41.Kh2 Bc5 42.Qa2+ Kf8 43.Bf4 Qc2
44.Bh6+ Ke7 45.Bg5+  1-0

[Event "Sala op"]
[Site "Sala"]
[Date "1995.??.??"]
[Round "6"]
[White "Oral, Tomas"]
[Black "Dambrauskas, Virginijus"]
[Result "1-0"]
[WhiteElo "2405"]
[BlackElo "2340"]

1.e4 c5 2.Nf3 Nc6 3.d4 cxd4 4.Nxd4 e6 5.Nc3 Qc7 6.Be3 a6 7.Bd3 Bd6 8.h3 Nge7
9.O-O Nxd4 10.Bxd4 O-O 11.Qh5 e5 12.Be3 Bc5 13.Bg5 f6 14.Bd2 d6 15.Bc4+ Kh8
16.Nd5 Nxd5 17.Bxd5 f5 18.exf5 Bxf5 19.Qe2 Qd7 20.c3 Rae8 21.b4 Ba7 22.Be3 Bxe3
23.Qxe3 Rf6 24.Rad1 Bg6 25.Qa7 Bh5 26.Qxb7 Qf5 27.Be4 Qf4 28.Rde1 Qd2 29.Qxa6 Rxf2
30.Rxf2 Qxe1+ 31.Qf1 Qe3 32.Kh1 Rg8 33.Bd5 h6 34.Bxg8 Kxg8 35.Rf8+ Kh7 36.Qf5+ Bg6
37.Qc8 Be4 38.Rh8+ Kg6 39.Qe6+ Kg5 40.Qg4+ Kf6 41.Rf8+ Ke7  1-0

[Event "Salta Clarin op"]
[Site "Salta"]
[Date "1995.??.??"]
[Round "2"]
[White "Giaccio, Alfredo"]
[Black "Milos, Gilberto"]
[Result "1/2-1/2"]
[WhiteElo "2410"]
[BlackElo "2555"]

1.e4 c5 2.Nf3 e6 3.d4 cxd4 4.Nxd4 Nc6 5.Nc3 Qc7 6.f4 a6 7.Be3 b5 8.Be2 Bb7
9.Bf3 Rc8 10.Nb3 d6 11.O-O Nf6 12.Qe1 Be7 13.Qg3 O-O 14.Rae1 Kh8 15.Kh1 b4
16.Na4 Nd7 17.c3 a5 18.Rc1 Qb8 19.Rfd1 Ba8 20.e5 Rfd8 21.exd6 Bxd6 22.c4 Bc7
23.Nac5 Nxc5 24.Nxc5 Rxd1+ 25.Rxd1 Rd8 26.Rxd8+ Qxd8 27.h4 Ne7 28.Bxa8 Nf5
29.Qe1 Qxa8 30.Kh2 h6 31.Bf2 Bxf4+ 32.Kh3 Qd8 33.Qe4 Bb8 34.Na6 Qd2 35.Be1 Qd6
36.Nxb8 Qxb8 37.g4 Ne7 38.Bg3 Qd8 39.Qf4 Kg8 40.Qd6 Nc6 41.h5 Qe8 42.Kg2 e5
43.Kf3 f6 44.Bf2 Qc8 45.Qd5+ Kh8 46.Qe4 Ne7 47.b3 Qe6 48.Qa8+ Kh7 49.Qe4+ Kg8
50.Bc5 Nc6 51.Qd5 Qxd5+ 52.cxd5 Nd8 53.Ke4 Kf7 54.Kd3 Nb7 55.Kc4  1/2-1/2

[Event "San Francisco op"]
[Site "San Francisco"]
[Date "1995.??.??"]
[Round "?"]
[White "Izumikawa, Burt"]
[Black "Cusi, Ronald"]
[Result "1-0"]
[WhiteElo "2355"]
[BlackElo "2340"]

1.e4 c5 2.Nf3 Nc6 3.Nc3 e6 4.d4 cxd4 5.Nxd4 Nf6 6.Ndb5 d6 7.Bf4 e5 8.Bg5 a6
9.Na3 b5 10.Bxf6 gxf6 11.Nd5 f5 12.exf5 Bxf5 13.c3 Bg7 14.Nc2 O-O 15.Nce3 Be6
16.g3 Rc8 17.Bg2 f5 18.Qh5 Ne7 19.O-O Rc5 20.Rfd1 e4 21.Nf4 Bf7 22.Qh3 a5
23.Rd2 b4 24.cxb4 axb4 25.Rad1 Be5 26.b3 Qc8 27.Qh6 Kh8 28.Nfd5 Nxd5 29.Nxd5 Rd8
30.Bh3 Rxd5 31.Rxd5 Bxd5 32.Rxd5 Rf8 33.Rb5 Rf6 34.Qg5 h6 35.Qe3 Qg8 36.Bxf5 d5
37.Bxe4 d4 38.Qd3 Qg5 39.Kg2 Rf7 40.Rxb4 Qc1 41.Bd5 Qe1 42.Bxf7  1-0

[Event "San Francisco"]
[Site "San Francisco"]
[Date "1995.??.??"]
[Round "6"]
[White "Waitzkin, Joshua"]
[Black "Polgar, Sofia"]
[Result "1/2-1/2"]
[WhiteElo "2435"]
[BlackElo "2500"]

1.e4 c5 2.Nf3 e6 3.d4 cxd4 4.Nxd4 Nc6 5.Nc3 Qc7 6.g3 a6 7.Bg2 Nf6 8.O-O Be7
9.Be3 O-O 10.a4 d6 11.h3 Bd7 12.Nde2 Rab8 13.g4 h6 14.f4 Nh7 15.Qd3 Qd8 16.Rfd1 Kh8
17.e5 d5 18.Nd4 f6 19.exf6 Bxf6 20.Nb3 Na5 21.Nxa5 Qxa5 22.Bd4 Rbc8 23.Qe3 Bxd4
24.Qxd4 Rc4 25.Qa7 Qb4 26.f5 Qxb2 27.fxe6 Rxc3 28.exd7 Rxc2 29.Bxd5 Ng5 30.Qe3 Rc3
31.Ra2 Nxh3+ 32.Kh1 Qxa2 33.Bxa2 Rxe3 34.d8=Q Rxd8 35.Rxd8+ Kh7 36.Bb1+ g6
37.Rd7+ Kg8 38.Bxg6 Ra3 39.Rxb7 Rxa4 40.Bf7+ Kf8 41.Kg2 Ng5 42.Bh5 Re4 43.Ra7 Re6
44.Kf2 Kg8 45.Kf1 Kh8 46.Kf2 Kg8 47.Kf1  1/2-1/2

[Event "San Francisco"]
[Site "San Francisco"]
[Date "1995.??.??"]
[Round "10"]
[White "Ashley, Maurice"]
[Black "Huebner, Robert"]
[Result "1/2-1/2"]
[WhiteElo "2460"]
[BlackElo "2620"]

1.e4 c5 2.Nf3 e6 3.d4 cxd4 4.Nxd4 Nc6 5.Nc3 Qc7 6.g3 a6 7.Bg2 Nf6 8.O-O d6
9.b3 Be7 10.Bb2 O-O 11.Qd2 Nxd4 12.Qxd4 Bd7 13.Rfe1 Rac8 14.Re2 Rfd8 15.h3 Ne8
16.Nd1 b5 17.Qd2 Bc6 18.Ne3 Bf6 19.Bd4 Qb7 20.c4 Bxd4 21.Qxd4 Nf6 22.cxb5 Bxe4
23.Bxe4 Nxe4 24.bxa6 Qxa6 25.Rc2 Rxc2 26.Nxc2 Qe2 27.Nb4 Rc8 28.Qe3 Qb2 29.Rd1 d5
30.Nc6 Rxc6 31.Qxe4 Rc1 32.Qe1 Rxd1 33.Qxd1 Qxa2 34.Qc1 h6 35.b4 d4 36.b5 Qb3
37.Qc8+ Kh7 38.Qd7 Qb1+ 39.Kg2 d3 40.b6 Qxb6 41.Qxd3+ g6 42.h4 Qc6+ 43.Kg1 Qd5
44.Qa3 g5 45.Qe7 Kg6 46.hxg5 hxg5 47.Qe8 Qf3 48.Qh8 f6 49.Qc8 Kf5 50.Qc5+ Qd5
51.Qc2+ Qe4 52.Qd1 Ke5 53.Qd2 Qd4 54.Qc2 Kd6 55.Qe2 e5 56.Qa6+ Ke7 57.Qb7+ Ke6
58.Qc8+ Kf7 59.Qb7+ Kg6 60.Qa8 Qc4 61.Qb7 e4 62.Qd7 Qf7 63.Qc8 Qd5 64.Kh2 Kf7
65.Qc7+ Ke6 66.Qc8+ Ke5 67.Qe8+ Kd4 68.Qe7 Qc6 69.Qa3 Qc3 70.Qd6+ Kc4 71.Kg1 Qd4
72.Qa3 Kb5 73.Qb3+ Kc5 74.Qa3+ Kb6 75.Kg2 Qe5 76.Qc1 Qf5 77.Qc3 g4 78.Qb4+ Kc6
79.Qc4+ Kd6 80.Qd4+ Ke7 81.Qd2 Qe5 82.Qe3 Kf7 83.Qh6 Qf5 84.Qd2 Qe6 85.Kg1 Kg6
86.Qc2 Qd5 87.Qc8 f5 88.Qe8+ Kf6 89.Qh8+ Ke7 90.Qg7+ Kd6 91.Qa7 Qc5 92.Qb8+ Kd7
93.Qb3 Ke7  1/2-1/2

[Event "BRA-chT"]
[Site "San Jose do Rio Preto"]
[Date "1995.??.??"]
[Round "5"]
[White "Milos, Gilberto"]
[Black "Zapata, Alonso"]
[Result "1/2-1/2"]
[WhiteElo "2555"]
[BlackElo "2530"]

1.e4 c5 2.Nf3 e6 3.d4 cxd4 4.Nxd4 Nc6 5.Nc3 Qc7 6.Be2 a6 7.O-O Nf6 8.Be3 b5
9.Nxc6 dxc6 10.f4 Bb7 11.e5 Nd5 12.Nxd5 cxd5 13.c3 Bc5 14.Bxc5 Qxc5+ 15.Qd4 Rc8
16.Bd3 Ke7 17.a4 Qxd4+ 18.cxd4 bxa4 19.Rxa4 Ra8 20.Rc1 Rhc8 21.Rc5 Kd7 22.Rb4 Rxc5
23.dxc5 Bc6 24.Rb6 a5 25.Kf2 a4 26.Ba6 Kc7 27.Ke3 d4+ 28.Kxd4 Rd8+ 29.Ke3 Rd5
30.Bd3 Rxc5 31.Rb4 h6 32.g3 Ra5  1/2-1/2

[Event "BRA-chT"]
[Site "San Jose do Rio Preto"]
[Date "1995.??.??"]
[Round "7"]
[White "Matsuura, Everaldo"]
[Black "Zapata, Alonso"]
[Result "1/2-1/2"]
[WhiteElo "2415"]
[BlackElo "2530"]

1.e4 c5 2.Nf3 e6 3.d4 cxd4 4.Nxd4 Nc6 5.Nc3 a6 6.Be2 Nge7 7.O-O Nxd4 8.Qxd4 Qc7
9.Be3 b5 10.Bxb5 Rb8 11.Ba4 Nc6 12.Bxc6 Qxc6 13.Rab1 Rb4 14.Qd2 Bb7 15.b3 Ba8
16.f3 Be7 17.Ne2 O-O 18.c4 Rd8 19.Nc3 Rbb8 20.Rfd1 Bb4 21.Qd3 Qc7 22.Rbc1 Qa5
23.Rc2 Bc6 24.Kh1 Qh5 25.Ne2 g5 26.Bd2 Be7 27.Ba5 Rdc8 28.Ng3 Qg6 29.e5 Qxd3
30.Rxd3 Kg7 31.Ne4 Kg6 32.Nd6 Bxd6 33.Rxd6 h5 34.Kg1 Rg8 35.Kf2 Kf5 36.Bc3 g4
37.Rcd2 gxf3 38.gxf3 Rg7 39.Ke3 Rg1  1/2-1/2

[Event "San Luis Clarin GP"]
[Site "San Luis"]
[Date "1995.??.??"]
[Round "7"]
[White "Panelo, Marcelo"]
[Black "Garcia, Raimundo"]
[Result "0-1"]
[WhiteElo "2195"]
[BlackElo "2385"]

1.e4 c5 2.Nf3 e6 3.d4 cxd4 4.Nxd4 Nc6 5.Nc3 Qc7 6.Be2 a6 7.O-O Nf6 8.Be3 Bb4
9.Na4 Be7 10.Nxc6 bxc6 11.Nb6 Rb8 12.Nxc8 Qxc8 13.e5 Nd5 14.Bd4 c5 15.c4 cxd4
16.cxd5 Qc5 17.Bf3 Bg5 18.Be4 Bf4 19.Qf3 Bxe5 20.Rac1 Qd6 21.dxe6 fxe6 22.Qh3 g6
23.f4 Bf6 24.b3 O-O 25.g4 Rbc8 26.Rxc8 Rxc8 27.f5 gxf5 28.gxf5 e5 29.Kh1 Kh8
30.Rg1 Rg8 31.Rc1 Qa3 32.Rg1 Rxg1+ 33.Kxg1 Qc1+ 34.Kg2 Qd2+ 35.Kf1 Qxa2 36.Qh6 Qa1+
37.Ke2 Qb2+ 38.Kd1 Qxb3+ 39.Ke2 Qa2+ 40.Kf3 Bg7 41.Qb6 Qa3+ 42.Kg4 h5+ 43.Kh4 Qe3
44.Bb1 Qf4+ 45.Kxh5 Qxh2+ 46.Kg4 Qf4+ 47.Kh5 e4 48.Qd8+ Kh7 49.f6 Qf5+  0-1

[Event "San Martin"]
[Site "San Martin"]
[Date "1995.??.??"]
[Round "3"]
[White "Rodriguez, Andres"]
[Black "Larsen, Bent"]
[Result "1-0"]
[WhiteElo "2435"]
[BlackElo "2505"]

1.e4 c5 2.Nf3 e6 3.d4 cxd4 4.Nxd4 Nc6 5.Nc3 d6 6.Be3 Nf6 7.f3 Be7 8.Qd2 O-O
9.g4 Nxd4 10.Bxd4 a6 11.O-O-O b5 12.Kb1 Bb7 13.g5 Nd7 14.h4 Rc8 15.Bd3 Nc5
16.Rdg1 e5 17.Be3 b4 18.Nd5 Bxd5 19.exd5 Nxd3 20.Qxd3 Qc7 21.Rg4 a5 22.Rhg1 f5
23.gxf6 Bxf6 24.Bg5 Bxg5 25.Rxg5 Rf6 26.Rxg7+ Qxg7 27.Rxg7+ Kxg7 28.a4 Rc5
29.Qa6 h5 30.Qb6 Kg6 31.Qd8 Kf7 32.Qh8 Rxd5 33.Qxh5+ Ke7 34.Qh7+ Rf7 35.Qe4 Rd4
36.Qb7+ Ke6 37.Qc8+ Ke7 38.h5 Rh4 39.Qc7+ Ke6 40.Qxa5 Rxf3 41.Qa8 Rf7 42.Qe8+ Re7
43.Qg8+ Kd7 44.Qg5 Rh1+ 45.Ka2 e4 46.Qb5+ Ke6 47.a5 e3 48.Qe2 Kd7 49.a6 Rg1
50.a7 Rg8 51.Qb5+ Ke6 52.Qc4+ d5 53.Qc6+ Ke5 54.a8=Q Rxa8+ 55.Qxa8 e2 56.Qb8+ Kf6
57.Qf8+  1-0

[Event "San Salvador zt"]
[Site "San Salvador"]
[Date "1995.??.??"]
[Round "?"]
[White "Hernandez, Gilberto"]
[Black "Zapata, Alonso"]
[Result "1-0"]
[WhiteElo "2525"]
[BlackElo "2530"]

1.e4 c5 2.Nf3 e6 3.d4 cxd4 4.Nxd4 Nc6 5.Nc3 Qc7 6.g3 d6 7.Bg2 a6 8.O-O Bd7
9.a4 Be7 10.Nb3 Bf6 11.f4 Nge7 12.Be3 O-O 13.Qd2 Nc8 14.Kh1 Rb8 15.Rad1 Rd8
16.g4 b5 17.axb5 axb5 18.g5 Be7 19.Qf2 b4 20.Ne2 Nb6 21.Nbd4 Nc4 22.Bc1 Bf8
23.b3 Na3 24.c4 Nxd4 25.Nxd4 e5 26.Nc2 Nb1 27.fxe5 Bg4 28.exd6 Bxd6 29.Rxd6 Rxd6
30.Bf4 Be2 31.Rxb1 Bd3 32.Rd1 Qd7 33.Bxd6 Qxd6 34.Qe3 Rd8 35.c5 Qd7 36.e5 h6
37.c6 Qf5 38.gxh6 gxh6  1-0

[Event "San Salvador zt"]
[Site "San Salvador"]
[Date "1995.??.??"]
[Round "?"]
[White "Barrios, Ramon"]
[Black "Pineda, Boris"]
[Result "1/2-1/2"]
[WhiteElo "2155"]
[BlackElo "2255"]

1.e4 c5 2.Nf3 e6 3.d4 cxd4 4.Nxd4 Nc6 5.Nc3 Qc7 6.g3 a6 7.Bg2 d6 8.O-O Bd7
9.Re1 Nf6 10.a4 Be7 11.Nxc6 Bxc6 12.a5 O-O 13.Be3 Nd7 14.Na4 Bxa4 15.Rxa4 b5
16.axb6 Nxb6 17.Bxb6 Qxb6 18.b3  1/2-1/2

[Event "San Sebastian op"]
[Site "San Sebastian"]
[Date "1995.??.??"]
[Round "3"]
[White "Rodriguez, Blas"]
[Black "Pogorelov, Ruslan"]
[Result "0-1"]
[WhiteElo "2265"]
[BlackElo "2440"]

1.e4 c5 2.Nf3 Nc6 3.d4 cxd4 4.Nxd4 e6 5.Nc3 Qc7 6.Be3 a6 7.Be2 Nf6 8.O-O Bb4
9.Nxc6 bxc6 10.Bd3 O-O 11.Na4 Rb8 12.Bg5 Be7 13.Qe2 d6 14.b3 a5 15.c4 e5
16.f4 h6 17.fxe5 hxg5 18.exf6 Bxf6 19.Rac1 Be5 20.Qf3 g6 21.g3 Be6 22.c5 d5
23.exd5 Bxd5 24.Be4 Bxe4 25.Qxe4 Rfe8 26.Qg4 Rb4 27.Qxg5 Bd4+ 28.Kh1 Be3
29.Qf6 Bxc1 30.Rxc1 Re6 31.Qf3 Qe5 32.Rf1 Qe4 33.Qxe4 Rbxe4 34.Rf2 Re2 35.Kg2 Rxf2+
36.Kxf2 Re5 37.Kf3 f5 38.h4 Kf7 39.Nb6 Rxc5 40.Nc4 a4 41.g4 axb3 42.axb3 fxg4+
43.Kxg4 Ke6 44.Kf4 Rb5 45.Nd2 Kf6 46.Ne4+ Kg7 47.Nd2 Kh6  0-1

[Event "Santa Cruz de la Palma op"]
[Site "Santa Cruz"]
[Date "1995.??.??"]
[Round "?"]
[White "Calzetta, Monica"]
[Black "Franco Ocampo, Zenon"]
[Result "0-1"]
[WhiteElo "2150"]
[BlackElo "2490"]

1.e4 c5 2.Nf3 Nc6 3.d4 cxd4 4.Nxd4 e6 5.Nc3 Qc7 6.Be3 a6 7.Be2 Nf6 8.O-O Be7
9.f4 d6 10.Bf3 O-O 11.Qe1 Nxd4 12.Bxd4 e5 13.Be3 exf4 14.Bd4 Be6 15.Qd2 Nd7
16.Qxf4 Ne5 17.Rad1 Bf6 18.Kh1 Rac8 19.a4 Qe7 20.Be2 Rc6 21.Bd3 Nd7 22.Bxf6 Qxf6
23.Qxf6 Nxf6 24.Be2 Rfc8 25.Rd4 Rb6 26.Rfd1 Ne8 27.Bd3 Rxb2 28.Ne2 Bg4  0-1

[Event "Santiago op"]
[Site "Santiago"]
[Date "1995.??.??"]
[Round "?"]
[White "Suarez, Diego"]
[Black "Paramos Dominguez, Roberto"]
[Result "0-1"]
[WhiteElo "2265"]
[BlackElo "2375"]

1.e4 c5 2.Nc3 Nc6 3.Nge2 e6 4.d4 cxd4 5.Nxd4 Qc7 6.Be3 a6 7.Bd3 Nf6 8.O-O Ne5
9.h3 Bc5 10.Kh1 d6 11.f4 Ned7 12.Qf3 b5 13.g4 Qb6 14.Nce2 e5 15.Nf5 Bxe3
16.Nxe3 exf4 17.Nxf4 Ne5 18.Qe2 Bb7 19.Nf5 g6 20.Nh6 O-O-O 21.Ng2 Nfd7 22.b4 d5
23.a4 Rhf8 24.axb5 Nxd3 25.cxd3 axb5 26.Qf3 f6 27.Rfc1+ Kb8 28.Qg3+ Ne5 29.g5 Qd6
30.gxf6 dxe4 31.dxe4 Nd3 32.Qxd6+ Rxd6 33.e5 Nxe5 34.Rc5 Nf3 35.Rf1 Nh4 36.Rxb5 Nxg2
37.f7 Ne3+ 38.Rf3 g5 39.Kh2 Rxh6 40.Rxe3 Rxf7 41.Rxg5 Rf2+ 42.Kg1 Rb2 43.Rg8+ Ka7
44.Rg7 Rd6 45.Rf3 Kb6 46.Rff7 Rd1+ 47.Rf1 Rdd2 48.Rf6+ Bc6 49.Rf8 Rg2+ 50.Rxg2 Rxg2+
51.Kf1 Rh2 52.Rf4 Rxh3 53.Kf2 Kb5 54.Rd4 h5 55.Rf4 h4 56.Rg4 Rf3+ 57.Ke2 h3
58.Rh4 Rb3 59.Kf2 Bd7 60.Rh7 Rb2+ 61.Kg1 Bc8 62.Rh8 Rc2 63.Rh4 Rc4 64.Rh8 Kxb4
65.Kh2 Rc2+ 66.Kg1 Bd7 67.Rh7 Rd2 68.Rh4+ Kc5 69.Rh7 Kd6 70.Rh6+ Ke5 71.Rh5+ Kf4
72.Rc5 Bg4  0-1

[Event "Santiago zt"]
[Site "Santiago"]
[Date "1995.??.??"]
[Round "10"]
[White "Arancibia, Eduardo"]
[Black "Peralta, Eduardo"]
[Result "0-1"]
[WhiteElo "2320"]
[BlackElo "2275"]

1.e4 c5 2.Nf3 e6 3.d4 cxd4 4.Nxd4 Nc6 5.Nc3 Qc7 6.g3 d6 7.Bg2 Bd7 8.Ndb5 Qb8
9.Bf4 Ne5 10.Qd4 a6 11.Nxd6+ Bxd6 12.O-O-O Nd3+ 13.Rxd3 Bxf4+ 14.gxf4 Qxf4+
15.Kb1 Nf6 16.e5 Qxd4 17.Rxd4 Nd5 18.Nxd5 exd5 19.Bxd5 Bc8 20.Rg1 O-O 21.a4 Rb8
22.Rg3 Bf5 23.Rc3 b5 24.Be4 Be6 25.f4 g6 26.Rc6 a5 27.Ra6 Rfd8 28.Rxd8+ Rxd8
29.axb5 Rd1+  0-1

[Event "Schwaebisch Gmuend op"]
[Site "Schwaebisch Gmuend"]
[Date "1995.??.??"]
[Round "?"]
[White "Galdunts, Sergey"]
[Black "Zimmer, Ralph"]
[Result "1-0"]
[WhiteElo "2475"]
[BlackElo "2260"]

1.e4 c5 2.Nc3 e6 3.Nf3 Nc6 4.d4 cxd4 5.Nxd4 Nf6 6.Ndb5 Bb4 7.a3 Bxc3+ 8.Nxc3 d5
9.exd5 exd5 10.Bd3 d4 11.Ne2 O-O 12.O-O Bg4 13.f3 Bh5 14.Bg5 Qd6 15.Qd2 Rfe8
16.Qf4 Rad8 17.Bxf6 Qxf6 18.Qxf6 gxf6 19.Rfd1 Bg6 20.Kf2 a5 21.Rd2 Re5 22.Rad1 Rde8
23.Ng3 Rc5 24.Bxg6 hxg6 25.Ne4 Rxe4 26.fxe4 Kg7 27.Ke2 Rc4 28.h3 Kh6 29.Rf1 Kg7
30.Kd1 Rc5 31.Rdf2 Rb5 32.Kc1 Ne5 33.Rxf6 Rc5 34.Rd6 d3 35.c3 Rc4 36.Rd4 Rc7
37.a4 b6 38.Rd5 f6 39.g4 Rc4 40.Rd4 Rc6 41.h4 Re6 42.g5 fxg5 43.hxg5 Re8
44.b3 Rh8 45.Rd5 Re8 46.Rd6 Rh8 47.Rxb6 Rh2 48.Kb1 Re2 49.Rb7+ Kg8 50.Rb5 Ng4
51.Rd5 Ne3 52.Rd8+ Kg7 53.Rd7+ Kg8 54.Rf3 Re1+ 55.Kb2 Nd1+ 56.Ka3 Nxc3 57.Rd8+ Kg7
58.Rdf8  1-0

[Event "Schwaebisch Gmuend op"]
[Site "Schwaebisch Gmuend"]
[Date "1995.??.??"]
[Round "?"]
[White "Schmaltz, Roland"]
[Black "Ksieski, Zbigniew"]
[Result "0-1"]
[WhiteElo "2450"]
[BlackElo "2390"]

1.e4 c5 2.Nf3 e6 3.d4 cxd4 4.Nxd4 Nc6 5.Nc3 d6 6.f4 Nf6 7.Nf3 Be7 8.Bd3 Nd7
9.O-O Nc5 10.Be3 O-O 11.Kh1 Nxd3 12.cxd3 d5 13.exd5 exd5 14.Bg1 Bf6 15.h3 b6
16.Qd2 Ba6 17.Ne2 Qd6 18.a3 d4 19.Rac1 Qd5 20.b4 Bb5 21.Ra1 Ba4 22.Ng3 Rfe8
23.f5 h6 24.Ne4 Rxe4 25.dxe4 Qxe4 26.Rae1 Qd5 27.Nh2 Rd8 28.Ng4 Bg5 29.Qf2 Bb5
30.h4 Bxf1 31.hxg5 Bd3 32.gxh6 Bxf5 33.Ne5 Nxe5 34.Qxf5 Ng6 35.Qxd5 Rxd5
36.Rd1 d3 37.hxg7 Ne5 38.Be3 Ng4  0-1

[Event "Schwaebisch Gmuend op"]
[Site "Schwaebisch Gmuend"]
[Date "1995.??.??"]
[Round "?"]
[White "Schmaltz, Roland"]
[Black "Link, Michael"]
[Result "1-0"]
[WhiteElo "2450"]
[BlackElo "2295"]

1.e4 c5 2.Nf3 e6 3.d4 cxd4 4.Nxd4 Nc6 5.Nc3 Qc7 6.Be2 a6 7.O-O Nf6 8.Be3 d6
9.f4 Bd7 10.Kh1 b5 11.a3 Rc8 12.Qe1 Nxd4 13.Bxd4 e5 14.Be3 Bc6 15.Bd3 Be7
16.Qg3 O-O 17.fxe5 dxe5 18.Rf5 Kh8 19.Raf1 Bd6 20.Qf3 Be7 21.Bg5 Rfe8 22.g4 Bd8
23.Bxf6 gxf6 24.Rh5 Rg8 25.Nd5 Qd6 26.Ne3 Bd7 27.Nf5 Qf8 28.Rxh7+  1-0

[Event "Asia-chT"]
[Site "Singapore"]
[Date "1995.??.??"]
[Round "2"]
[White "Saltaev, Mihail"]
[Black "Liang Jinrong"]
[Result "1-0"]
[WhiteElo "2520"]
[BlackElo "2450"]

1.e4 c5 2.Nf3 Nc6 3.d4 cxd4 4.Nxd4 e6 5.Nc3 a6 6.Be3 Qc7 7.Bd3 Nf6 8.O-O Ne5
9.h3 Bc5 10.Kh1 d6 11.f4 Ng6 12.Qe1 O-O 13.f5 e5 14.fxg6 exd4 15.Rxf6 dxc3
16.gxh7+ Kh8 17.Qxc3 Qe7 18.Bxc5 dxc5 19.Rf4 b5 20.Raf1 Be6 21.a3 Rad8 22.Be2 Qd6
23.Bh5 Qd4 24.Qxd4 Rxd4 25.c3 Rd2 26.R1f2 Rfd8 27.Kg1 g6 28.Bg4 Bxg4 29.hxg4 Rxf2
30.Kxf2 Rd7 31.Ke3 Kxh7 32.Rf6 Ra7 33.Rc6 c4 34.g5 Kg7 35.e5 Kf8 36.Kd4 Ke7
37.Kc5 Ra8 38.Kb6 Rh8 39.Kxa6 Rh2 40.Kxb5 Rxg2 41.Kxc4 Rxb2 42.a4 Rg2 43.a5 Rxg5
44.Kd5 Kd7 45.Rf6 Ke8 46.a6 Rg1 47.Kc6 Rc1 48.a7 Rxc3+ 49.Kb7 Rb3+ 50.Rb6 Ra3
51.Ra6 Rb3+ 52.Kc6  1-0

[Event "Asia-chT"]
[Site "Singapore"]
[Date "1995.??.??"]
[Round "3"]
[White "Lhagvasuren, Cedendemberel"]
[Black "Saltaev, Mihail"]
[Result "1/2-1/2"]
[WhiteElo "2310"]
[BlackElo "2520"]

1.e4 c5 2.Nf3 e6 3.d4 cxd4 4.Nxd4 Nc6 5.Nc3 d6 6.Be3 Nf6 7.Be2 a6 8.O-O Be7
9.f4 Bd7 10.a4 Nxd4 11.Bxd4 Bc6 12.Qd3 O-O 13.Qg3 g6 14.Bf3 b5 15.axb5 axb5
16.Rxa8 Qxa8 17.e5 dxe5 18.fxe5 Ne4 19.Nxe4 Bxe4 20.c3 Bd5 21.Bxd5 Qxd5 22.Qf3 Qc4
23.Qf2 b4 24.cxb4 Bxb4 25.h3 Qd5 26.Kh1 Qb7 27.Be3 Rd8 28.Bg5 Rd3 29.Kh2 Rd5
30.Qf3 Bf8 31.Rd1 Bg7 32.Rxd5 Qxd5 33.Qxd5 exd5 34.Bf6 Bf8 35.Kg3 Bc5 36.Kf3 Kf8
37.b3 Ke8 38.Ke2 Kd7 39.Kd3 Ke6 40.g4 h5 41.Bg7 Bf2 42.Bf6 hxg4 43.hxg4 Bg3
44.Kd4 Bf2+ 45.Kd3  1/2-1/2

[Event "Asia-chT"]
[Site "Singapore"]
[Date "1995.??.??"]
[Round "4"]
[White "Kotsur, Pavel"]
[Black "Khatanbaatar, B."]
[Result "0-1"]
[WhiteElo "2395"]
[BlackElo "2440"]

1.e4 c5 2.Nf3 e6 3.d4 cxd4 4.Nxd4 Nc6 5.Nc3 Qc7 6.Be3 a6 7.Bd3 Nf6 8.O-O b5
9.Nxc6 Qxc6 10.a3 Bb7 11.Kh1 Be7 12.Qe2 O-O 13.f3 Qc7 14.Bd2 d6 15.b4 Nd7
16.a4 Bf6 17.Ra3 bxa4 18.f4 Rfe8 19.Nxa4 e5 20.f5 d5 21.Nc3 d4 22.Na4 Bc6
23.Nb2 Bb5 24.c4 dxc3 25.Rxc3 Qb7 26.Nc4 Be7 27.Rc2 Nf6 28.Re1 Rac8 29.Bc3 Bf8
30.h3 h6 31.Kh2 Qc7 32.Na3 Bxd3 33.Qxd3 Qb7 34.Rb2 Nxe4 35.Qxe4 Qxe4 36.Rxe4 Rxc3
37.Nc4 f6 38.Ra2 Bxb4 39.Rxa6 Bc5 40.Nd2 Be3 41.Nf1 Bf4+ 42.g3 Rc2+ 43.Kg1 Bc1
44.Rea4 Kh7 45.Ra2 Rec8 46.Ra8 R8c3 47.R8a4 Rc5 48.Ra5 R5c3 49.R5a4 h5 50.Rxc2 Rxc2
51.Rh4 Kg8 52.Rxh5 Bg5 53.Nh2 e4 54.Ng4 e3 55.Rxg5 Rc1+  0-1